[Event "Titled Tuesday intern op 2nd April"]
[Site "Chess.com INT"]
[Date "2019.04.02"]
[Round "9"]
[White "Hansen, Eric"]
[Black "Grigoriants, Sergey"]
[Result "1-0"]
[WhiteElo "2618"]
[BlackElo "2546"]
[PlyCount "53"]
[GameId "1515679397613568"]
[EventDate "2019.04.02"]
[EventType "swiss (blitz)"]
[EventRounds "10"]
[EventCountry "USA"]
[SourceTitle "EXT 2021"]
[Source "ChessBase"]
[SourceDate "2020.10.23"]
[SourceVersion "1"]
[SourceVersionDate "2020.10.23"]
[SourceQuality "1"]

1. e4 c5 2. Nf3 d6 3. Bb5+ Nd7 4. c3 Ngf6 5. Qe2 a6 6. Ba4 b5 7. Bc2 e5 8. O-O Be7 9. d4 O-O 10. Rd1 Qc7 11. a4 Bb7 12. d5 bxa4 13. Rxa4 Nb6 14. Ra1 c4 15. Be3 Nfd7 16. Nbd2 a5 17. Ba4 Nxa4 18. Rxa4 Ba6 19. Rda1 Bb5 20. R4a3 f5 21. exf5 Rxf5 22. b3 Nb6 23. Rxa5 Rxa5 24. Rxa5 Nxd5 25. Rxb5 Nxc3 26. Qxc4+ Qxc4 27. Rb8+ 1-0

[Event "PRO League Stage"]
[Site "Chess.com INT"]
[Date "2020.01.08"]
[Round "1"]
[White "Hansen, Eric"]
[Black "Smirnov, Anton"]
[Result "0-1"]
[WhiteElo "2606"]
[BlackElo "2604"]
[PlyCount "58"]
[GameId "1476695868243968"]
[EventDate "2020.01.06"]
[EventType "team-swiss (rapid)"]
[EventRounds "7"]
[EventCountry "USA"]
[SourceTitle "CBM 194 Extra"]
[Source "ChessBase"]
[SourceDate "2020.03.31"]
[SourceVersion "1"]
[SourceVersionDate "2020.03.31"]
[SourceQuality "1"]
[WhiteTeam "Canada ChessBrahs"]
[BlackTeam "California Unicorns"]
[WhiteTeamCountry "CAN"]
[BlackTeamCountry "USA"]

1. e4 e5 2. Nf3 Nf6 3. Nxe5 d6 4. Nf3 Nxe4 5. d4 d5 6. Bd3 Bd6 7. Nc3 Nxc3 8. bxc3 O-O 9. O-O Nd7 10. Re1 Re8 11. h3 Nf8 12. Rxe8 Qxe8 13. c4 dxc4 14. Bxc4 Be6 15. d5 Bd7 16. Bb2 Ng6 17. Qd4 f6 18. Re1 Qf8 19. Bb3 b6 20. Ba4 b5 21. Bb3 a5 22. c4 a4 23. Bc2 bxc4 24. Qxc4 a3 25. Bc3 Re8 26. Bb3 Rxe1+ 27. Bxe1 Ne5 28. Nxe5 fxe5 29. Ba5 Qb8 0-1

[Event "PRO League Stage"]
[Site "Chess.com INT"]
[Date "2020.01.08"]
[Round "1"]
[White "Zierk, Steven C"]
[Black "Hansen, Eric"]
[Result "1-0"]
[WhiteElo "2509"]
[BlackElo "2606"]
[PlyCount "111"]
[GameId "1476695868325888"]
[EventDate "2020.01.06"]
[EventType "team-swiss (rapid)"]
[EventRounds "7"]
[EventCountry "USA"]
[SourceTitle "CBM 194 Extra"]
[Source "ChessBase"]
[SourceDate "2020.03.31"]
[SourceVersion "1"]
[SourceVersionDate "2020.03.31"]
[SourceQuality "1"]
[WhiteTeam "California Unicorns"]
[BlackTeam "Canada ChessBrahs"]
[WhiteTeamCountry "USA"]
[BlackTeamCountry "CAN"]

1. e4 e5 2. Nf3 Nc6 3. Bc4 Bc5 4. c3 Nf6 5. d4 exd4 6. e5 d5 7. Bb5 Ne4 8. cxd4 Bb6 9. Nc3 O-O 10. Be3 Bg4 11. h3 Bh5 12. Qc2 Bg6 13. Qb3 Ne7 14. O-O c6 15. Bd3 f5 16. exf6 Nxf6 17. Na4 Bxd3 18. Qxd3 Ne4 19. Nxb6 axb6 20. Ne5 Nf5 21. f3 Neg3 22. Rfe1 Nxe3 23. Qxe3 Nf5 24. Qf2 Ra4 25. Red1 b5 26. b3 Ra8 27. Rd2 Qd6 28. Re1 Rae8 29. g4 Ne7 30. Rde2 Ng6 31. Nxg6 Rxe2 32. Rxe2 hxg6 33. Kg2 Qf4 34. Re7 Rf7 35. Re8+ Rf8 36. Re7 Rf7 37. Re5 g5 38. a4 bxa4 39. bxa4 g6 40. a5 Kg7 41. Re6 Rf6 42. Re8 Rf8 43. Re7+ Rf7 44. Re2 Qc1 45. Re5 Qf4 46. Qe2 Qxd4 47. Rxg5 c5 48. h4 Kh6 49. Re5 c4 50. h5 c3 51. hxg6 Kxg6 52. Re3 Kg7 53. Rd3 Qf6 54. Rxd5 Rc7 55. g5 Qf4 56. Qe6 1-0

[Event "PRO League Stage"]
[Site "Chess.com INT"]
[Date "2020.01.20"]
[Round "3"]
[White "Martins, Vinicius Tine"]
[Black "Hansen, Eric"]
[Result "0-1"]
[WhiteElo "2309"]
[BlackElo "2606"]
[PlyCount "88"]
[GameId "1476695869829120"]
[EventDate "2020.01.06"]
[EventType "team-swiss (rapid)"]
[EventRounds "7"]
[EventCountry "USA"]
[SourceTitle "CBM 194 Extra"]
[Source "ChessBase"]
[SourceDate "2020.03.31"]
[SourceVersion "1"]
[SourceVersionDate "2020.03.31"]
[SourceQuality "1"]
[WhiteTeam "Brazil Capybaras"]
[BlackTeam "Canada ChessBrahs"]
[WhiteTeamCountry "BRA"]
[BlackTeamCountry "CAN"]

1. Nf3 Nf6 2. c4 e6 3. g3 d5 4. d4 dxc4 5. Bg2 Nc6 6. Qa4 Bd7 7. Qxc4 Na5 8. Qc2 Rc8 9. Ne5 c5 10. Nxd7 Qxd7 11. dxc5 Bxc5 12. Nc3 b5 13. a3 O-O 14. O-O b4 15. axb4 Bxb4 16. Qa4 Qe7 17. Bg5 h6 18. Bxf6 gxf6 19. Na2 Bd2 20. Nc3 Bxc3 21. bxc3 Rc5 22. Qb4 Qc7 23. Rfd1 Rc8 24. Rd4 Nc4 25. Qb7 a5 26. Qb1 Kg7 27. Qc1 Rb8 28. Rh4 Rg5 29. Rd4 Nd6 30. Qd2 Nb5 31. Rd7 Qxc3 32. Rxa5 Nd4 33. Rxg5+ hxg5 34. Rxd4 Rb1+ 35. Bf1 Qa1 36. Kg2 Rxf1 37. h4 Rg1+ 38. Kf3 Qa8+ 39. Ke3 e5 40. Rd7 gxh4 41. Qb4 Qc6 42. Qg4+ Kf8 43. Rd8+ Ke7 44. Qg8 Qb6+ 0-1

[Event "PRO League Stage"]
[Site "Chess.com INT"]
[Date "2020.01.20"]
[Round "3"]
[White "Milos, Gilberto"]
[Black "Hansen, Eric"]
[Result "1-0"]
[WhiteElo "2575"]
[BlackElo "2606"]
[PlyCount "171"]
[GameId "1476695869767680"]
[EventDate "2020.01.06"]
[EventType "team-swiss (rapid)"]
[EventRounds "7"]
[EventCountry "USA"]
[SourceTitle "CBM 194 Extra"]
[Source "ChessBase"]
[SourceDate "2020.03.31"]
[SourceVersion "1"]
[SourceVersionDate "2020.03.31"]
[SourceQuality "1"]
[WhiteTeam "Brazil Capybaras"]
[BlackTeam "Canada ChessBrahs"]
[WhiteTeamCountry "BRA"]
[BlackTeamCountry "CAN"]

1. e4 e5 2. Nf3 Nc6 3. Bb5 a6 4. Ba4 Nf6 5. O-O b5 6. Bb3 Be7 7. Re1 d6 8. c3 O-O 9. h3 Na5 10. Bc2 c5 11. d4 Nd7 12. d5 Nb6 13. Nbd2 Nb7 14. Nf1 c4 15. g4 Nc5 16. Ng3 Re8 17. Kh2 a5 18. a3 Qc7 19. Be3 Bf8 20. Nf5 Bd7 21. Qe2 Nba4 22. Rab1 Rab8 23. Bd2 Nb3 24. Rf1 Nxd2 25. Nxd2 Nc5 26. Qe3 b4 27. axb4 axb4 28. Rfc1 b3 29. Bd1 Nd3 30. Nxb3 g6 31. Ng3 Be7 32. Na1 Nxc1 33. Qxc1 Qd8 34. Be2 Bg5 35. Qf1 Bb5 36. Bxc4 Bxc4 37. Qxc4 Qb6 38. Qe2 Rec8 39. Qc2 Qa7 40. b4 Bh4 41. Kg2 Bxg3 42. Kxg3 Qa3 43. Kg2 Rxc3 44. Rb3 Rxb3 45. Nxb3 Qxb4 46. Nd2 Kg7 47. Qd3 Qc5 48. g5 Rb2 49. Qf3 Kg8 50. Qf6 Qc7 51. Nf3 Rb8 52. Nh2 Qd8 53. Ng4 Qxf6 54. Nxf6+ Kg7 55. Kg3 h6 56. h4 hxg5 57. hxg5 Rb3+ 58. f3 Kf8 59. Kg4 Rb1 60. Kg3 Rg1+ 61. Kh4 Ke7 62. Ng4 Rg2 63. Nh6 Rg1 64. Ng4 Rf1 65. Kg3 Ra1 66. Nf6 Ra7 67. Ng4 Kd8 68. Nf6 Ra1 69. Ng4 Rh1 70. Nh6 f5 71. exf5 gxf5 72. Nxf5 Kd7 73. Kg4 Rg1+ 74. Kh5 Rh1+ 75. Kg6 Rf1 76. Kf6 Rxf3 77. g6 Rf1 78. g7 Rg1 79. Kf7 Kc7 80. g8=Q Rxg8 81. Kxg8 Kb6 82. Kf7 Kc5 83. Ke6 e4 84. Nxd6 e3 85. Ne4+ Kd4 86. Ng3 1-0

[Event "PRO League Stage"]
[Site "Chess.com INT"]
[Date "2020.01.29"]
[Round "4"]
[White "Harvey, Marcus Ross"]
[Black "Hansen, Eric"]
[Result "1/2-1/2"]
[WhiteElo "2419"]
[BlackElo "2606"]
[PlyCount "121"]
[GameId "1479196787396608"]
[EventDate "2020.01.06"]
[EventType "team-swiss (rapid)"]
[EventRounds "7"]
[EventCountry "USA"]
[SourceTitle "CBM 194 Extra"]
[Source "ChessBase"]
[SourceDate "2020.03.31"]
[SourceVersion "1"]
[SourceVersionDate "2020.03.31"]
[SourceQuality "1"]
[WhiteTeam "UK Lions"]
[BlackTeam "Canada ChessBrahs"]
[WhiteTeamCountry "ENG"]
[BlackTeamCountry "CAN"]

1. Nf3 d5 2. b3 Bg4 3. e3 Nd7 4. Bb2 c6 5. h3 Bxf3 6. Qxf3 Ngf6 7. c4 e6 8. Qd1 Bd6 9. Be2 O-O 10. d4 Bb4+ 11. Bc3 Bxc3+ 12. Nxc3 Qa5 13. Qd2 Rfd8 14. Ne4 Qb6 15. Nxf6+ Nxf6 16. c5 Qc7 17. Qb2 e5 18. dxe5 Nd7 19. b4 a5 20. O-O axb4 21. Qxb4 Ra5 22. Rfc1 Rda8 23. f4 Rxa2 24. Rxa2 Rxa2 25. Bg4 g6 26. Rb1 h5 27. Bf3 Rc2 28. Qxb7 Qxb7 29. Rxb7 Nxc5 30. Rc7 Nd3 31. Kh2 Ne1 32. Kg3 Nxf3 33. gxf3 Rc3 34. f5 gxf5 35. Kf4 h4 36. Kxf5 Rxe3 37. f4 Rxh3 38. Rxc6 Rf3 39. Rd6 h3 40. Rxd5 h2 41. Rd1 Kg7 42. Kg4 Rf2 43. Rh1 Kg6 44. Kg3 Ra2 45. Rxh2 Rxh2 46. Kxh2 Kf5 47. Kg3 f6 48. exf6 Kxf6 49. Kg4 Kg6 50. f5+ Kf6 51. Kf4 Kf7 52. Ke5 Ke7 53. f6+ Kf7 54. Kf5 Kf8 55. Kf4 Kf7 56. Ke5 Kf8 57. Kd6 Kf7 58. Ke5 Kf8 59. Ke6 Ke8 60. f7+ Kf8 61. Kf6 1/2-1/2

[Event "PRO League Stage"]
[Site "Chess.com INT"]
[Date "2020.01.29"]
[Round "4"]
[White "Tan, Justin Hy"]
[Black "Hansen, Eric"]
[Result "0-1"]
[WhiteElo "2511"]
[BlackElo "2606"]
[PlyCount "106"]
[GameId "1479196787335168"]
[EventDate "2020.01.06"]
[EventType "team-swiss (rapid)"]
[EventRounds "7"]
[EventCountry "USA"]
[SourceTitle "CBM 194 Extra"]
[Source "ChessBase"]
[SourceDate "2020.03.31"]
[SourceVersion "1"]
[SourceVersionDate "2020.03.31"]
[SourceQuality "1"]
[WhiteTeam "UK Lions"]
[BlackTeam "Canada ChessBrahs"]
[WhiteTeamCountry "ENG"]
[BlackTeamCountry "CAN"]

1. e4 e5 2. Nf3 Nc6 3. Bb5 a6 4. Ba4 Nf6 5. O-O Be7 6. Re1 b5 7. Bb3 d6 8. c3 O-O 9. h3 Re8 10. Ng5 Rf8 11. Nf3 h6 12. d4 Re8 13. Nbd2 Bf8 14. Nf1 Bb7 15. Ng3 Na5 16. Bc2 g6 17. a4 Nc4 18. a5 exd4 19. cxd4 c5 20. b3 Nxa5 21. dxc5 Nc6 22. cxd6 Qxd6 23. Qxd6 Bxd6 24. Bxh6 Nb4 25. Bb1 Rac8 26. Bg5 Nh7 27. Bd2 Nf8 28. e5 Bxf3 29. gxf3 Bxe5 30. Rxe5 Rxe5 31. Bxb4 Rc1+ 32. Kg2 Ne6 33. Bd2 Rd1 34. Bc3 Nf4+ 35. Kh2 Rc5 36. Be4 Rxa1 37. Bxa1 f5 38. Bd4 Rc8 39. Bb7 Rd8 40. Be3 Nd3 41. Ne2 Rd6 42. f4 Kh7 43. Kg3 a5 44. Nc3 b4 45. Nb5 Rd8 46. Bb6 Rb8 47. Nd6 a4 48. bxa4 b3 49. Bd4 Rd8 50. a5 Rxd6 51. Bc3 Nc5 52. Bc8 Rd3+ 53. f3 Rxc3 0-1

[Event "PRO League Stage"]
[Site "Chess.com INT"]
[Date "2020.02.12"]
[Round "6"]
[White "Cori, Jorge Moise"]
[Black "Hansen, Eric"]
[Result "1-0"]
[WhiteElo "2652"]
[BlackElo "2606"]
[PlyCount "149"]
[GameId "1484313231331328"]
[EventDate "2020.01.06"]
[EventType "team-swiss (rapid)"]
[EventRounds "7"]
[EventCountry "USA"]
[SourceTitle "CBM 194 Extra"]
[Source "ChessBase"]
[SourceDate "2020.03.31"]
[SourceVersion "1"]
[SourceVersionDate "2020.03.31"]
[SourceQuality "1"]
[WhiteTeam "Chicago Wind"]
[BlackTeam "Canada ChessBrahs"]
[WhiteTeamCountry "USA"]
[BlackTeamCountry "CAN"]

1. d4 Nf6 2. c4 e6 3. Nf3 d5 4. Nc3 c5 5. cxd5 Nxd5 6. e3 Be7 7. Bd3 Nc6 8. O-O O-O 9. Qe2 b6 10. Rd1 cxd4 11. exd4 Ncb4 12. Bb1 Ba6 13. Qe4 g6 14. Bh6 Re8 15. Ne5 Bg5 16. Bxg5 Qxg5 17. h4 Qf6 18. Qg4 Rad8 19. Be4 Qg7 20. a3 Nxc3 21. bxc3 Nd5 22. Qf3 Ne7 23. a4 f6 24. Nc6 Nxc6 25. Bxc6 Rf8 26. a5 Bc4 27. axb6 axb6 28. Rdb1 Qc7 29. Bb5 Bd5 30. Qe3 f5 31. c4 Be4 32. Rd1 Qd6 33. f3 Bc6 34. Rab1 Ba8 35. Rd2 Rc8 36. Re1 Kf7 37. Qh6 Kg8 38. h5 e5 39. Rxe5 Rcd8 40. hxg6 hxg6 41. Kf1 Qf6 42. Qe3 Qh4 43. d5 Bb7 44. Qd4 Qh1+ 45. Kf2 Qh6 46. Re7 Bc8 47. Rde2 f4 48. Ke1 Bf5 49. Bc6 Rd6 50. Re8 Rxe8 51. Rxe8+ Kf7 52. Qe5 Qh1+ 53. Kf2 Qh4+ 54. Kg1 Qf6 55. Qxf6+ Kxf6 56. Rb8 Bd3 57. Rf8+ Ke5 58. Bb5 Kd4 59. Rxf4+ Kc5 60. Kf2 Rd8 61. Ke3 Bf1 62. Rg4 Rd6 63. Kd2 Rf6 64. Kc3 Rd6 65. Be8 Rd8 66. Bxg6 Ra8 67. Bc2 Ra3+ 68. Bb3 Ra1 69. Rg6 Rc1+ 70. Bc2 Bxc4 71. Rc6+ Kxd5 72. Rxc4 Rxc2+ 73. Kxc2 Kxc4 74. g4 Kd4 75. g5 1-0

[Event "PRO League Stage"]
[Site "Chess.com INT"]
[Date "2020.02.12"]
[Round "6"]
[White "Hansen, Eric"]
[Black "Robson, Ray"]
[Result "1-0"]
[WhiteElo "2606"]
[BlackElo "2673"]
[PlyCount "101"]
[GameId "1484313231187968"]
[EventDate "2020.01.06"]
[EventType "team-swiss (rapid)"]
[EventRounds "7"]
[EventCountry "USA"]
[SourceTitle "CBM 194 Extra"]
[Source "ChessBase"]
[SourceDate "2020.03.31"]
[SourceVersion "1"]
[SourceVersionDate "2020.03.31"]
[SourceQuality "1"]
[WhiteTeam "Canada ChessBrahs"]
[BlackTeam "Chicago Wind"]
[WhiteTeamCountry "CAN"]
[BlackTeamCountry "USA"]

1. e4 e5 2. Nf3 Nc6 3. Bb5 Nf6 4. O-O Nxe4 5. Re1 Nd6 6. Nxe5 Be7 7. Bf1 Nxe5 8. Rxe5 O-O 9. d4 Ne8 10. d5 Bc5 11. Re1 d6 12. Be3 Nf6 13. c4 Bxe3 14. Rxe3 Ng4 15. Re2 Qh4 16. h3 Ne5 17. Nc3 Bf5 18. b3 Rfe8 19. Re3 Re7 20. Nb5 a6 21. Nd4 Bd7 22. Qd2 Rae8 23. Rae1 Qf6 24. Re4 Qg6 25. R4e3 Qh6 26. Qc3 f5 27. c5 f4 28. Re4 dxc5 29. Ne6 Nf7 30. Nxc5 Rxe4 31. Rxe4 Rxe4 32. Nxe4 Qb6 33. Qd2 Nd6 34. Ng5 h6 35. Ne6 g5 36. Qb2 Ne8 37. Qc2 Bxe6 38. dxe6 Kg7 39. Qf5 Nd6 40. Qe5+ Kg8 41. Bd3 Qc6 42. Bg6 f3 43. e7 fxg2 44. e8=Q+ Nxe8 45. Qxe8+ Qxe8 46. Bxe8 Kg7 47. Bd7 a5 48. Bc8 b6 49. Kxg2 h5 50. Kf3 Kf6 51. Ke4 1-0

[Event "PRO League KO Stage"]
[Site "Chess.com INT"]
[Date "2020.03.13"]
[Round "2"]
[White "Hansen, Eric"]
[Black "Cori, Jorge Moise"]
[Result "1-0"]
[WhiteElo "2606"]
[BlackElo "2652"]
[PlyCount "107"]
[GameId "1494449336553472"]
[EventDate "2020.03.02"]
[EventType "team-k.o. (rapid)"]
[EventRounds "4"]
[EventCountry "USA"]
[SourceTitle "CBM 195 Extra"]
[Source "ChessBase"]
[SourceDate "2020.05.31"]
[SourceVersion "1"]
[SourceVersionDate "2020.05.31"]
[SourceQuality "1"]
[WhiteTeam "Canada ChessBrahs"]
[BlackTeam "Chicago Wind"]
[WhiteTeamCountry "CAN"]
[BlackTeamCountry "USA"]

1. e4 c5 2. Nf3 e6 3. d4 cxd4 4. Nxd4 Nc6 5. Nc3 Qc7 6. g3 a6 7. Bg2 d6 8. O-O Bd7 9. a4 Nf6 10. Nb3 Be7 11. a5 O-O 12. Be3 Ne5 13. Bb6 Qc8 14. Nd2 Bc6 15. f4 Ned7 16. Bf2 Re8 17. Re1 Qc7 18. Qe2 Bf8 19. Nc4 Rac8 20. Nb6 Nxb6 21. Bxb6 Qe7 22. Qd2 Nd7 23. Bf2 Qd8 24. Na4 h6 25. Nb6 Nxb6 26. Bxb6 Qf6 27. c4 g6 28. b3 e5 29. f5 gxf5 30. Rf1 f4 31. Kh1 Bg7 32. Rae1 Re7 33. gxf4 exf4 34. Rxf4 Qe6 35. Qf2 Rce8 36. Rg1 Kh8 37. Qh4 Qg6 38. Bf3 Qh7 39. Rgg4 Be5 40. Rf5 Qxf5 41. exf5 Bxf3+ 42. Kg1 Bxg4 43. f6 Bxf6 44. Qxf6+ Kh7 45. Bd4 Re1+ 46. Kf2 R1e2+ 47. Kg3 R2e5 48. Qxf7+ Kh8 49. Bxe5+ Rxe5 50. Kxg4 Rg5+ 51. Kf4 Rg7 52. Qf8+ Kh7 53. Qxd6 Kh8 54. Qxh6+ 1-0

[Event "PRO League KO Stage"]
[Site "Chess.com INT"]
[Date "2020.03.13"]
[Round "2"]
[White "Hansen, Eric"]
[Black "Robson, Ray"]
[Result "1/2-1/2"]
[WhiteElo "2606"]
[BlackElo "2673"]
[PlyCount "40"]
[GameId "1494449336451072"]
[EventDate "2020.03.02"]
[EventType "team-k.o. (rapid)"]
[EventRounds "4"]
[EventCountry "USA"]
[SourceTitle "CBM 195 Extra"]
[Source "ChessBase"]
[SourceDate "2020.05.31"]
[SourceVersion "1"]
[SourceVersionDate "2020.05.31"]
[SourceQuality "1"]
[WhiteTeam "Canada ChessBrahs"]
[BlackTeam "Chicago Wind"]
[WhiteTeamCountry "CAN"]
[BlackTeamCountry "USA"]

1. e4 e5 2. Nf3 Nc6 3. Bb5 Nf6 4. O-O Nxe4 5. Re1 Nd6 6. Nxe5 Be7 7. Bf1 Nxe5 8. Rxe5 O-O 9. Nc3 Ne8 10. Nd5 Bd6 11. Re1 c6 12. Ne3 Bc7 13. Nf5 d5 14. Ne7+ Kh8 15. Nxc8 Rxc8 16. d3 Qd7 17. g3 f5 18. Bh3 Nf6 19. Qf3 Ng4 20. Bf4 Bb6 1/2-1/2

[Event "PRO League KO Stage"]
[Site "Chess.com INT"]
[Date "2020.03.13"]
[Round "2"]
[White "Nyzhnyk, Illya"]
[Black "Hansen, Eric"]
[Result "0-1"]
[WhiteElo "2665"]
[BlackElo "2606"]
[PlyCount "52"]
[GameId "1494449336500224"]
[EventDate "2020.03.02"]
[EventType "team-k.o. (rapid)"]
[EventRounds "4"]
[EventCountry "USA"]
[SourceTitle "CBM 195 Extra"]
[Source "ChessBase"]
[SourceDate "2020.05.31"]
[SourceVersion "1"]
[SourceVersionDate "2020.05.31"]
[SourceQuality "1"]
[WhiteTeam "Chicago Wind"]
[BlackTeam "Canada ChessBrahs"]
[WhiteTeamCountry "USA"]
[BlackTeamCountry "CAN"]

1. c4 e5 2. Nc3 Bb4 3. Qc2 Nc6 4. e3 Bxc3 5. bxc3 d6 6. g3 f5 7. Bg2 Nf6 8. d4 O-O 9. Ne2 Qe8 10. c5 d5 11. O-O Na5 12. Rb1 e4 13. f3 Nc4 14. fxe4 fxe4 15. Nf4 c6 16. h3 g5 17. Ne2 Qh5 18. g4 Bxg4 19. Ng3 Qh4 20. Nf5 Bxf5 21. Rxf5 Nh5 22. Rxf8+ Rxf8 23. Qe2 Ng3 24. Qe1 g4 25. hxg4 Qxg4 26. Rxb7 Rf5 0-1

[Event "PRO League KO Stage"]
[Site "Chess.com INT"]
[Date "2020.03.13"]
[Round "2"]
[White "Shimanov, Aleksandr"]
[Black "Hansen, Eric"]
[Result "0-1"]
[WhiteElo "2593"]
[BlackElo "2606"]
[PlyCount "74"]
[GameId "1494449336602624"]
[EventDate "2020.03.02"]
[EventType "team-k.o. (rapid)"]
[EventRounds "4"]
[EventCountry "USA"]
[SourceTitle "CBM 195 Extra"]
[Source "ChessBase"]
[SourceDate "2020.05.31"]
[SourceVersion "1"]
[SourceVersionDate "2020.05.31"]
[SourceQuality "1"]
[WhiteTeam "Chicago Wind"]
[BlackTeam "Canada ChessBrahs"]
[WhiteTeamCountry "USA"]
[BlackTeamCountry "CAN"]

1. d4 Nf6 2. Bf4 g6 3. Nd2 Bg7 4. c3 d6 5. e4 O-O 6. Ngf3 c5 7. dxc5 dxc5 8. Be2 Nc6 9. O-O Nh5 10. Be3 b6 11. Qc2 Qc7 12. Rfd1 Nf6 13. h3 Bb7 14. a4 Rad8 15. Re1 Na5 16. Bf1 h6 17. Rac1 c4 18. e5 Nd5 19. e6 f5 20. Bd4 Nf4 21. Ne5 Kh7 22. Re3 Rd6 23. Ndxc4 Nxc4 24. Nxc4 Bxd4 25. cxd4 Rxd4 26. Ne5 Qxc2 27. Rxc2 Rd1 28. b4 Bxg2 29. Kh2 Rxf1 30. f3 Rh1+ 31. Kg3 Rxh3+ 32. Kf2 Bh1 33. Kg1 Rd8 34. Nd7 Nxe6 35. Rxe6 Rxd7 36. Re3 Rxf3 37. Rxf3 Bxf3 0-1

[Event "Titled Tuesday intern op 4th Aug 10am"]
[Site "Chess.com INT"]
[Date "2020.08.04"]
[Round "7"]
[White "Hansen, Eric"]
[Black "David, Alexandru Vasile"]
[Result "1-0"]
[WhiteElo "2606"]
[BlackElo "2428"]
[PlyCount "49"]
[GameId "1547685877100544"]
[EventDate "2020.08.04"]
[EventType "swiss (blitz)"]
[EventRounds "10"]
[EventCountry "USA"]
[SourceTitle "CBM 197 Extra"]
[Source "ChessBase"]
[SourceDate "2020.09.30"]
[SourceVersion "1"]
[SourceVersionDate "2020.09.30"]
[SourceQuality "1"]

1. e4 c5 2. Nf3 Nc6 3. Bb5 g6 4. O-O Bg7 5. Bxc6 dxc6 6. h3 e5 7. d3 Ne7 8. a3 a5 9. Be3 b6 10. Nbd2 f6 11. b4 axb4 12. axb4 Rxa1 13. Qxa1 cxb4 14. Qa7 c5 15. Nc4 Nc6 16. Qa8 Bd7 17. Qb7 Qb8 18. Qa6 Bf8 19. Nxb6 Bd6 20. Ra1 Ke7 21. Nxd7 Kxd7 22. Qc4 Ne7 23. Ra6 Rc8 24. Qf7 Qb7 25. Rxd6+ 1-0

[Event "Titled Tuesday intern op 4th Aug 10am"]
[Site "Chess.com INT"]
[Date "2020.08.04"]
[Round "9"]
[White "Hansen, Eric"]
[Black "Iniyan, Panneerseluam"]
[Result "1-0"]
[WhiteElo "2606"]
[BlackElo "2506"]
[PlyCount "75"]
[GameId "1547685879222272"]
[EventDate "2020.08.04"]
[EventType "swiss (blitz)"]
[EventRounds "10"]
[EventCountry "USA"]
[SourceTitle "CBM 197 Extra"]
[Source "ChessBase"]
[SourceDate "2020.09.30"]
[SourceVersion "1"]
[SourceVersionDate "2020.09.30"]
[SourceQuality "1"]

1. e4 e5 2. Nf3 Nc6 3. Bb5 a6 4. Ba4 Nf6 5. O-O b5 6. Bb3 Be7 7. Re1 O-O 8. h3 d6 9. c3 Nb8 10. d4 Nbd7 11. Nbd2 Bb7 12. Bc2 Re8 13. a4 c6 14. Nf1 Bf8 15. Ng3 Nb6 16. b3 c5 17. d5 c4 18. b4 g6 19. Be3 Nbd7 20. Qd2 Bg7 21. Ra2 a5 22. Rea1 axb4 23. cxb4 bxa4 24. Bxa4 Qc7 25. Qc2 Rec8 26. Ne2 Nb6 27. Nc3 Nxa4 28. Rxa4 Rxa4 29. Rxa4 Ra8 30. Rxa8+ Bxa8 31. Qa4 Bb7 32. Nd2 Qc8 33. b5 Nd7 34. Qxc4 Qd8 35. b6 f5 36. f3 fxe4 37. Ndxe4 Nxb6 38. Qb3 1-0

[Event "Titled Tuesday intern op 4th Aug 2pm"]
[Site "Chess.com INT"]
[Date "2020.08.04"]
[Round "9"]
[White "Hansen, Eric"]
[Black "Zierk, Steven C"]
[Result "0-1"]
[WhiteElo "2606"]
[BlackElo "2499"]
[PlyCount "70"]
[GameId "1547685884469248"]
[EventDate "2020.08.04"]
[EventType "swiss (blitz)"]
[EventRounds "10"]
[EventCountry "USA"]
[SourceTitle "CBM 197 Extra"]
[Source "ChessBase"]
[SourceDate "2020.09.30"]
[SourceVersion "1"]
[SourceVersionDate "2020.09.30"]
[SourceQuality "1"]

1. e4 e6 2. d4 d5 3. Nc3 Bb4 4. exd5 exd5 5. Bd3 Nc6 6. a3 Ba5 7. Nge2 Nge7 8. O-O Bf5 9. Na4 O-O 10. b4 Bb6 11. c3 Qd7 12. Nb2 Rfe8 13. Ng3 Bxd3 14. Qxd3 Ng6 15. Qf3 Nce7 16. Nd3 c6 17. Bg5 Nc8 18. Nf5 Nd6 19. Nxd6 Qxd6 20. Nc5 Bc7 21. g3 b6 22. Nd3 Re4 23. Qf5 Rae8 24. a4 Re2 25. a5 b5 26. Be3 h6 27. Qf3 Rc2 28. Ra3 Qe6 29. Qd1 Nh4 30. Ne1 Rb2 31. gxh4 Qh3 32. Nf3 Rxe3 33. Ne5 Bxe5 34. dxe5 Re4 35. Kh1 Rxh4 0-1

[Event "Titled Tuesday intern op 01st Sept"]
[Site "Chess.com INT"]
[Date "2020.09.01"]
[Round "1"]
[White "Hansen, Eric"]
[Black "Leve, Nitai D"]
[Result "1-0"]
[WhiteElo "2606"]
[BlackElo "2128"]
[PlyCount "103"]
[GameId "1557845227790336"]
[EventDate "2020.09.01"]
[EventType "swiss (blitz)"]
[EventRounds "10"]
[EventCountry "USA"]
[SourceTitle "CBM 198 Extra"]
[Source "ChessBase"]
[SourceDate "2020.11.30"]
[SourceVersion "1"]
[SourceVersionDate "2020.11.30"]
[SourceQuality "1"]

1. e4 e6 2. d4 d5 3. Nd2 Nf6 4. e5 Nfd7 5. Bd3 c5 6. c3 Nc6 7. Ne2 cxd4 8. cxd4 f6 9. exf6 Nxf6 10. Nf3 Qc7 11. O-O Bd6 12. g3 O-O 13. Bf4 Ne4 14. Bxe4 dxe4 15. Ng5 e5 16. dxe5 Bxe5 17. Qb3+ Kh8 18. Rad1 Bg4 19. Ne6 Qf7 20. Nxf8 Qxb3 21. axb3 Bxe2 22. Ne6 Re8 23. Nc7 Rf8 24. Ne6 Re8 25. Nc5 Bxf4 26. gxf4 Bxf1 27. Kxf1 b6 28. Rd6 bxc5 29. Rxc6 h6 30. Rxc5 Rf8 31. f5 Rb8 32. Rc3 Rb5 33. Re3 Kg8 34. Kg2 Rxf5 35. Rxe4 Rb5 36. b4 Kf7 37. h4 Kf6 38. Kf3 g5 39. hxg5+ hxg5 40. Ke3 Kf5 41. Rc4 Kg6 42. f3 Kh5 43. Kd3 a5 44. bxa5 Rxb2 45. Ra4 Rb8 46. a6 Ra8 47. a7 Kg6 48. Ke4 Kf6 49. Kd5 Kf5 50. Kc6 Rxa7 51. Rxa7 Kf4 52. Ra3 1-0

[Event "Titled Tuesday intern op 22nd Sept"]
[Site "Chess.com INT"]
[Date "2020.09.22"]
[Round "2"]
[White "Hansen, Eric"]
[Black "Iskusnyh, Sergei"]
[Result "1-0"]
[WhiteElo "2606"]
[BlackElo "2473"]
[PlyCount "63"]
[GameId "1565481503510528"]
[EventDate "2020.09.22"]
[EventType "swiss (blitz)"]
[EventRounds "10"]
[EventCountry "USA"]
[SourceTitle "CBM 198 Extra"]
[Source "ChessBase"]
[SourceDate "2020.11.30"]
[SourceVersion "1"]
[SourceVersionDate "2020.11.30"]
[SourceQuality "1"]

1. e4 e6 2. Nc3 d5 3. d4 Nf6 4. Bg5 dxe4 5. Nxe4 Nbd7 6. Nf3 h6 7. Nxf6+ Nxf6 8. Be3 Bd6 9. Bd3 b6 10. Ne5 O-O 11. Qf3 Nd5 12. Bd2 Bb7 13. O-O Qf6 14. Qg3 Rad8 15. a3 c5 16. f4 Qe7 17. Rae1 cxd4 18. f5 exf5 19. Bxh6 f6 20. Ng6 Bxg3 21. Nxe7+ Nxe7 22. Rxe7 gxh6 23. Rxb7 Be5 24. Rxf5 Kh8 25. g3 Rg8 26. Rxe5 Rxg3+ 27. hxg3 fxe5 28. Rh7+ Kg8 29. Re7 Rd5 30. Rxa7 Kf8 31. Kf2 Rd6 32. Kf3 1-0